[Event "Copenhagen Ch"]
[Site "Copenhagen"]
[Date "2003.02.08"]
[Round "2"]
[White "Jensen, Kim Roper"]
[Black "Moller, Arne"]
[Result "1/2-1/2"]
[WhiteElo "1790"]
[BlackElo "2018"]
[PlyCount "98"]
[EventDate "2003.02.07"]
[EventType "swiss"]
[EventRounds "9"]
[EventCountry "DEN"]

1. f4 d5 2. g3 Nf6 3. Bg2 Bf5 4. Nf3 h6 5. O-O e6 6. d3 Nbd7 7. c3 Bd6 8. Nbd2
c6 9. Nh4 Qb6+ 10. Kh1 O-O-O 11. e4 Bg4 12. Qe1 g5 13. Nhf3 dxe4 14. dxe4 Be7
15. Nc4 Qc5 16. b3 gxf4 17. Ba3 Qh5 18. Bxe7 Rdg8 19. Nd6+ Kb8 20. gxf4 Bh3 21.
Bxh3 Qxh3 22. Qe2 Nh5 23. Rg1 Rg3 24. Nxf7 Rxf3 25. Bd6+ Kc8 26. Nxh8 Ng3+ 27.
Rxg3 Rxg3 28. Rg1 Rxg1+ 29. Kxg1 Qxc3 30. e5 Qd4+ 31. Qf2 Qd1+ 32. Kg2 Qg4+ 33.
Qg3 Qe2+ 34. Kg1 Qd1+ 35. Kf2 Qd2+ 36. Kf3 Qd1+ 37. Ke3 Qc1+ 38. Kd3 Qb1+ 39.
Ke3 Qc1+ 40. Ke4 Qb1+ 41. Qd3 Qh1+ 42. Qf3 Qb1+ 43. Qd3 Qh1+ 44. Ke3 Qc1+ 45.
Kf3 h5 46. Qg6 Qf1+ 47. Kg3 Qe1+ 48. Kh3 Qf1+ 49. Kh4 Qxf4+ 1/2-1/2

[Event "Copenhagen Ch"]
[Site "Copenhagen"]
[Date "2003.02.13"]
[Round "8"]
[White "Jensen, Kim Roper"]
[Black "Thrane, Jens"]
[Result "1-0"]
[WhiteElo "1790"]
[BlackElo "1518"]
[PlyCount "41"]
[EventDate "2003.02.07"]
[EventType "swiss"]
[EventRounds "9"]
[EventCountry "DEN"]

1. e4 c5 2. Nf3 d6 3. Nc3 Nc6 4. d4 cxd4 5. Nxd4 g6 6. Be3 Bg7 7. Qd2 Nf6 8. f3
O-O 9. O-O-O Re8 10. g4 a6 11. h4 Nxd4 12. Bxd4 b5 13. h5 e5 14. Be3 b4 15. Nd5
Nxd5 16. exd5 Qa5 17. Kb1 Bb7 18. hxg6 hxg6 19. Bh6 Bxh6 20. Qxh6 Bxd5 21. Qh8#
1-0

[Event "Copenhagen Ch"]
[Site "Copenhagen"]
[Date "2003.02.10"]
[Round "5"]
[White "Jensen, Lars Max"]
[Black "Jensen, Kim Roper"]
[Result "1-0"]
[WhiteElo "1742"]
[BlackElo "1790"]
[PlyCount "65"]
[EventDate "2003.02.07"]
[EventType "swiss"]
[EventRounds "9"]
[EventCountry "DEN"]

1. e4 c5 2. Nf3 Nc6 3. d4 cxd4 4. Nxd4 Nf6 5. Nc3 e5 6. Ndb5 d6 7. Bg5 a6 8.
Na3 b5 9. Nd5 Qa5+ 10. Bd2 Qd8 11. Bg5 Be7 12. Bxf6 Bxf6 13. c3 Bg5 14. Nc2 O-O
15. a4 Rb8 16. axb5 axb5 17. Bd3 Be6 18. O-O Bf4 19. Nxf4 exf4 20. Qe2 Ne5 21.
Nd4 b4 22. Rfd1 bxc3 23. bxc3 Qf6 24. Ra6 Rfc8 25. Rxd6 Rxc3 26. Nxe6 fxe6 27.
f3 Rbc8 28. Ba6 Rc2 29. Qb5 Qg5 30. Qf1 Ra8 31. Rxe6 Ra2 32. Rxe5 Qxe5 33. Qc4+
1-0

[Event "Copenhagen Ch"]
[Site "Copenhagen"]
[Date "2003.02.12"]
[Round "7"]
[White "Jensen, Lars Max"]
[Black "Schidt, Niels Christian"]
[Result "1-0"]
[WhiteElo "1742"]
[BlackElo "2054"]
[PlyCount "75"]
[EventDate "2003.02.07"]
[EventType "swiss"]
[EventRounds "9"]
[EventCountry "DEN"]

1. e4 g6 2. d4 Bg7 3. c3 c6 4. Bf4 d5 5. exd5 Qxd5 6. Qf3 Nf6 7. Bxb8 Rxb8 8.
Qg3 Ra8 9. Nd2 O-O 10. Bc4 Qd6 11. Ne2 Bf5 12. O-O Rfe8 13. Bb3 b5 14. a4 Bh6
15. Nf3 Nh5 16. Qe5 b4 17. Bc4 Rab8 18. h3 Nf4 19. Rfe1 Nd3 20. Bxd3 Bxd3 21.
Nc1 Bc4 22. Qxd6 exd6 23. Rxe8+ Rxe8 24. cxb4 Bd5 25. Nd3 Be4 26. Rd1 Rb8 27.
Nfe1 Bd5 28. f4 Bg7 29. Kh2 Bb3 30. Rc1 Bd5 31. Nc2 Be4 32. Nde1 h5 33. g4 h4
34. Rd1 a6 35. Rd2 Bd5 36. Rd3 Re8 37. Re3 Be4 38. Ng2 {Tid} 1-0

[Event "Copenhagen Ch"]
[Site "Copenhagen"]
[Date "2003.02.09"]
[Round "3"]
[White "Jensen, Lars Max"]
[Black "Pallesen, Jacob"]
[Result "0-1"]
[WhiteElo "1742"]
[BlackElo "2092"]
[PlyCount "32"]
[EventDate "2003.02.07"]
[EventType "swiss"]
[EventRounds "9"]
[EventCountry "DEN"]

1. e4 c5 2. Nf3 e6 3. d4 cxd4 4. Nxd4 a6 5. Nc3 Qc7 6. Be3 Nc6 7. Be2 Nf6 8. a3
Be7 9. Qd2 O-O 10. O-O-O b5 11. Nxc6 dxc6 12. Bg5 a5 13. a4 b4 14. Bxf6 Bxf6
15. Nb1 Qe5 16. c3 Bg5 0-1

[Event "Copenhagen Ch"]
[Site "Copenhagen"]
[Date "2003.02.14"]
[Round "9"]
[White "Jensen, Lars Max"]
[Black "Aabling Thomsen, Jakob"]
[Result "0-1"]
[WhiteElo "1742"]
[BlackElo "2181"]
[PlyCount "64"]
[EventDate "2003.02.07"]
[EventType "swiss"]
[EventRounds "9"]
[EventCountry "DEN"]

1. e4 c5 2. Nf3 Nf6 3. e5 Nd5 4. Nc3 e6 5. Nxd5 exd5 6. d4 Nc6 7. dxc5 Bxc5 8.
Qxd5 Qb6 9. Bc4 Bxf2+ 10. Kf1 O-O 11. Qe4 Ne7 12. Ng5 Ng6 13. Bxf7+ Kh8 14. Ke2
d5 15. exd6 Bd7 16. Rf1 Bh4 17. Be3 Qxd6 18. Bxg6 Bxg5 19. Rxf8+ Rxf8 20. Bxg5
hxg6 21. Qh4+ Kg8 22. Be3 Re8 23. Qc4+ Be6 24. Qd3 Qc6 25. Kd2 Qxg2+ 26. Kc3
Rc8+ 27. Kb4 Rxc2 28. b3 Rc8 29. Rg1 Qxa2 30. Rxg6 a5+ 31. Kb5 Bc4+ 32. Qxc4+
Rxc4 0-1

[Event "Copenhagen Ch"]
[Site "Copenhagen"]
[Date "2003.02.08"]
[Round "2"]
[White "Kaaber Hansen, Jacob"]
[Black "Christensen, Esben"]
[Result "1/2-1/2"]
[WhiteElo "2022"]
[BlackElo "2127"]
[PlyCount "56"]
[EventDate "2003.02.07"]
[EventType "swiss"]
[EventRounds "9"]
[EventCountry "DEN"]

1. c4 Nf6 2. Nc3 g6 3. d4 Bg7 4. e4 d6 5. Nf3 O-O 6. Be2 Bg4 7. O-O c6 8. Be3
Qc7 9. Ne1 Bxe2 10. Qxe2 e5 11. Nc2 Nh5 12. Qd2 Nd7 13. Bh6 Bxh6 14. Qxh6 exd4
15. Nxd4 Ng7 16. Rad1 Rad8 17. Rd3 f5 18. Rh3 Nf6 19. exf5 gxf5 20. Qf4 Qd7 21.
Rd1 Kh8 22. Nf3 Qe6 23. Rh6 Ngh5 24. Qh4 Ng7 25. h3 Rde8 26. Ng5 Qg8 27. Qd4
Ne6 28. Nxe6 Qxe6 1/2-1/2

[Event "Copenhagen Ch"]
[Site "Copenhagen"]
[Date "2003.02.12"]
[Round "7"]
[White "Kaaber Hansen, Jacob"]
[Black "Christensen, Aage"]
[Result "0-1"]
[WhiteElo "2022"]
[BlackElo "2005"]
[PlyCount "152"]
[EventDate "2003.02.07"]
[EventType "swiss"]
[EventRounds "9"]
[EventCountry "DEN"]

1. c4 c5 2. g3 g6 3. Bg2 Bg7 4. Nc3 e6 5. d3 Ne7 6. Be3 d6 7. f4 O-O 8. Nf3 Nf5
9. Bf2 Nc6 10. O-O Qb6 11. Rb1 a6 12. a3 Qa5 13. Qc1 Qd8 14. b4 Nfd4 15. Nxd4
cxd4 16. b5 Ne7 17. bxa6 Rxa6 18. Nb5 e5 19. e3 Nc6 20. exd4 exd4 21. Re1 Be6
22. Re2 Qd7 23. Reb2 Rc8 24. Qf1 b6 25. h3 d5 26. Kh2 dxc4 27. dxc4 Na5 28. Bd5
Bf5 29. Rc1 d3 30. Rb4 Re8 31. Re1 Re2 32. Rxe2 dxe2 33. Qxe2 Bxh3 34. Bd4 Bg4
35. Qb2 Bf8 36. Qf2 Nc6 37. Rb3 Nxd4 38. Qxd4 Qf5 39. Qe4 Qh5+ 40. Kg1 Bf5 41.
Qf3 Bc5+ 42. Kf1 Bg4 43. Qe4 Qh2 44. Nd4 Bh3+ 45. Ke1 Qg1+ 46. Ke2 Bxd4 47.
Qe8+ Kg7 48. Qxf7+ Kh6 49. Qf8+ Bg7 50. Qe7 Qf1+ 51. Kd2 Qf2+ 52. Kc1 Qg1+ 53.
Kd2 Qd4+ 54. Kc1 Qf6 55. Qe3 Bg4 56. Bf3 Bxf3 57. Qxf3 Bf8 58. g4 Qa1+ 59. Kc2
Rxa3 60. g5+ Kg7 61. Qb7+ Kh8 62. Rxa3 Qxa3 63. Qxb6 Qa4+ 64. Kd3 Qd1+ 65. Ke4
Qe2+ 66. Kd5 Qf3+ 67. Ke6 Qe4+ 68. Kd7 Qe7+ 69. Kc6 Qd6+ 70. Kb7 Qxb6+ 71. Kxb6
Bd6 72. c5 Bxf4 73. c6 h5 74. gxh6 g5 75. Kc5 g4 76. Kd4 g3 0-1

[Event "Copenhagen Ch"]
[Site "Copenhagen"]
[Date "2003.02.11"]
[Round "6"]
[White "Kaaber Hansen, Jacob"]
[Black "Nielsen, Michael"]
[Result "0-1"]
[WhiteElo "2022"]
[BlackElo "2101"]
[PlyCount "72"]
[EventDate "2003.02.07"]
[EventType "swiss"]
[EventRounds "9"]
[EventCountry "DEN"]

1. c4 e5 2. Nc3 g6 3. g3 Bg7 4. Bg2 d6 5. d3 Nc6 6. Rb1 f5 7. e3 Nf6 8. Nge2
O-O 9. O-O Be6 10. b4 Rb8 11. Qa4 e4 12. Nf4 Bf7 13. Ncd5 Ne5 14. Nxf6+ Qxf6
15. dxe4 Bxc4 16. exf5 Bxf1 17. Kxf1 g5 18. Qb3+ Kh8 19. Ne6 Qxf5 20. Nxf8 Rxf8
21. f4 gxf4 22. exf4 Ng4 23. h3 Bd4 24. Bd5 Nf6 25. Be6 Qe4 26. g4 Qh1+ 27. Ke2
Qg2+ 28. Kd3 Qe4+ 29. Kd2 Qxf4+ 30. Kc2 Qe5 31. Bd2 Ne4 32. Bf5 Nxd2 33. Kxd2
Re8 34. Qd3 Qh2+ 35. Kd1 Qg1+ 36. Kc2 Qf2+ 0-1

[Event "Copenhagen Ch"]
[Site "Copenhagen"]
[Date "2003.02.14"]
[Round "9"]
[White "Kaaber Hansen, Jacob"]
[Black "Jensen, Kim Roper"]
[Result "1-0"]
[WhiteElo "2022"]
[BlackElo "1790"]
[PlyCount "81"]
[EventDate "2003.02.07"]
[EventType "swiss"]
[EventRounds "9"]
[EventCountry "DEN"]

1. d4 f5 2. g4 d5 3. Bf4 Nf6 4. g5 Nh5 5. Be5 Nc6 6. e3 Nxe5 7. dxe5 g6 8. Be2
Ng7 9. h4 Ne6 10. h5 Bg7 11. f4 c6 12. c3 Qb6 13. Qc1 h6 14. gxh6 Rxh6 15. Nf3
gxh5 16. Nh4 Nf8 17. Rg1 Kf7 18. Na3 Bd7 19. Kf2 c5 20. Rg3 d4 21. Nc4 Qc7 22.
exd4 cxd4 23. cxd4 Rc8 24. Qg1 Bf6 25. exf6 Qxf4+ 26. Nf3 Kxf6 27. Qh2 Bc6 28.
Qh4+ Qxh4 29. Nxh4 Ne6 30. Rd1 Be4 31. Rc3 Nf4 32. Ne5 Rg8 33. Bf3 Nh3+ 34. Ke3
Rg3 35. Kd2 Ng5 36. Kc1 Bxf3 37. Nhxf3 h4 38. Nxg5 Rxg5 39. Rh1 f4 40. Rch3
Rgh5 41. Ng4+ 1-0

[Event "Copenhagen Ch"]
[Site "Copenhagen"]
[Date "2003.02.09"]
[Round "3"]
[White "Larsen, Pelle O"]
[Black "Drger, Michael"]
[Result "1-0"]
[WhiteElo "2114"]
[BlackElo "1568"]
[PlyCount "81"]
[EventDate "2003.02.07"]
[EventType "swiss"]
[EventRounds "9"]
[EventCountry "DEN"]

1. Nf3 Nf6 2. g3 d5 3. c4 e6 4. b3 Be7 5. Bg2 O-O 6. Bb2 c6 7. O-O Nbd7 8. d3
Re8 9. Nbd2 b6 10. Rc1 Bb7 11. e4 Nc5 12. Bxf6 Bxf6 13. e5 Be7 14. d4 Nd7 15.
h4 c5 16. Re1 cxd4 17. Nxd4 Nc5 18. Re3 dxc4 19. Nc6 Qc7 20. Nxe7+ Qxe7 21.
Nxc4 Bxg2 22. Kxg2 Qb7+ 23. Kh2 Qd5 24. Qxd5 exd5 25. Nd6 Rxe5 26. Rxe5 Nd3 27.
Rce1 Nxe1 28. Rxe1 Rd8 29. Re5 g6 30. Rxd5 Rd7 31. Kg2 Kf8 32. Rd2 Re7 33. Kf3
Kg7 34. g4 f5 35. gxf5 Kf6 36. fxg6 hxg6 37. Ne4+ Ke5 38. Ng5 Rc7 39. Kg4 b5
40. f4+ Kf6 41. Rd6+ 1-0

[Event "Copenhagen Ch"]
[Site "Copenhagen"]
[Date "2003.02.12"]
[Round "7"]
[White "Larsen, Pelle O"]
[Black "Carstensen, Jacob"]
[Result "0-1"]
[WhiteElo "2114"]
[BlackElo "2273"]
[PlyCount "57"]
[EventDate "2003.02.07"]
[EventType "swiss"]
[EventRounds "9"]
[EventCountry "DEN"]

1. Nf3 Nf6 2. g3 Nc6 3. Bg2 d5 4. c4 d4 5. O-O e5 6. b4 e4 7. Ng5 Bf5 8. b5 Ne5
9. d3 exd3 10. exd3 Be7 11. Qe2 Nxd3 12. Ba3 Kf8 13. Bxb7 Bxa3 14. Nxa3 Rb8 15.
Qf3 Bg6 16. Bd5 Nc5 17. Rad1 h6 18. Nh3 Bh5 19. Qf4 Bxd1 20. Qxd4 Bg4 21. Qxc5+
Qd6 22. Qxa7 Re8 23. Nf4 g5 24. c5 Qe7 25. Bc6 gxf4 26. b6 Qxc5 27. Bxe8 Nxe8
28. Re1 Be6 29. Qa4 {Tid} 0-1

[Event "Copenhagen Ch"]
[Site "Copenhagen"]
[Date "2003.02.10"]
[Round "5"]
[White "Larsen, Pelle O"]
[Black "Christensen, Esben"]
[Result "1/2-1/2"]
[WhiteElo "2114"]
[BlackElo "2127"]
[PlyCount "61"]
[EventDate "2003.02.07"]
[EventType "swiss"]
[EventRounds "9"]
[EventCountry "DEN"]

1. Nf3 Nf6 2. g3 g6 3. b4 Bg7 4. Bb2 d6 5. Bg2 O-O 6. O-O c6 7. d3 e5 8. Nbd2
h6 9. c4 Bg4 10. h3 Bxf3 11. Nxf3 Qe7 12. Re1 Nbd7 13. e4 Nh5 14. Rc1 c5 15. a3
Rfe8 16. Nd2 Nf8 17. Bf3 Nf6 18. Nf1 b6 19. Bc3 Ne6 20. Ne3 Nd4 21. Rb1 Rab8
22. a4 a6 23. Bg2 Rb7 24. h4 h5 25. Bh3 Bh6 26. Rb2 Reb8 27. Kg2 Kh7 28. Bxd4
cxd4 29. Nc2 Kh8 30. Re2 Kh7 31. Na3 1/2-1/2

[Event "Copenhagen Ch"]
[Site "Copenhagen"]
[Date "2003.02.14"]
[Round "9"]
[White "Larsen, Pelle O"]
[Black "Nielsen, Michael"]
[Result "1/2-1/2"]
[WhiteElo "2114"]
[BlackElo "2101"]
[PlyCount "55"]
[EventDate "2003.02.07"]
[EventType "swiss"]
[EventRounds "9"]
[EventCountry "DEN"]

1. Nf3 Nf6 2. g3 g6 3. b4 Bg7 4. Bb2 O-O 5. Bg2 d6 6. d3 e5 7. O-O c6 8. Nbd2
Nbd7 9. c4 Ne8 10. e4 b5 11. a4 Nc7 12. d4 Re8 13. axb5 cxb5 14. c5 dxc5 15.
dxc5 Bb7 16. Qc2 Nb8 17. Rfd1 Qe7 18. Nb3 Nc6 19. Bc3 Na6 20. Qd2 Rad8 21. Qe1
Rxd1 22. Rxd1 Rd8 23. Rd5 Nc7 24. Rxd8+ Qxd8 25. Bf1 a6 26. Qa1 Qf6 27. Bg2 Qe6
28. Nfd2 1/2-1/2

[Event "Copenhagen Ch"]
[Site "Copenhagen"]
[Date "2003.02.07"]
[Round "1"]
[White "Larsen, Pelle O"]
[Black "Sandbech, Ted"]
[Result "1-0"]
[WhiteElo "2114"]
[BlackElo "1519"]
[PlyCount "35"]
[EventDate "2003.02.07"]
[EventType "swiss"]
[EventRounds "9"]
[EventCountry "DEN"]

1. e4 e5 2. Bc4 Nf6 3. d4 Bd6 4. Nf3 Nc6 5. dxe5 Nxe5 6. Nxe5 Bxe5 7. O-O c6 8.
f4 Qb6+ 9. Kh1 Bd4 10. c3 Bc5 11. e5 Ne4 12. Qh5 O-O 13. b4 Nf2+ 14. Rxf2 Bxf2
15. Nd2 Be3 16. Ne4 d5 17. Nf6+ gxf6 18. exf6 1-0

[Event "Copenhagen Ch"]
[Site "Copenhagen"]
[Date "2003.02.08"]
[Round "2"]
[White "Lund, Silas"]
[Black "Larsen, Pelle O"]
[Result "1-0"]
[WhiteElo "2306"]
[BlackElo "2114"]
[PlyCount "53"]
[EventDate "2003.02.07"]
[EventType "swiss"]
[EventRounds "9"]
[EventCountry "DEN"]

1. d4 Nf6 2. c4 g6 3. Nc3 d5 4. cxd5 Nxd5 5. e4 Nxc3 6. bxc3 Bg7 7. Bc4 c5 8.
Ne2 O-O 9. O-O Nc6 10. Be3 Bg4 11. f3 Na5 12. Bd3 cxd4 13. cxd4 Be6 14. d5 Bxa1
15. Qxa1 f6 16. Bh6 Re8 17. Rb1 Bd7 18. e5 b5 19. Nf4 fxe5 20. Ne6 Qb8 21. Re1
Nc4 22. Bxc4 bxc4 23. Rxe5 c3 24. Qxc3 Rc8 25. Qa1 Rc2 26. Re2 Qb6+ 27. Kf1 1-0

[Event "Copenhagen Ch"]
[Site "Copenhagen"]
[Date "2003.02.09"]
[Round "4"]
[White "Lund, Silas"]
[Black "Jakobsen, Ole"]
[Result "1/2-1/2"]
[WhiteElo "2306"]
[BlackElo "2377"]
[PlyCount "32"]
[EventDate "2003.02.07"]
[EventType "swiss"]
[EventRounds "9"]
[EventCountry "DEN"]

1. d4 d6 2. c4 e5 3. Nf3 Nd7 4. e4 Ngf6 5. Nc3 Be7 6. Be2 O-O 7. O-O c6 8. Qc2
Re8 9. Rd1 Qc7 10. Rb1 a5 11. b3 Bf8 12. Bb2 exd4 13. Nxd4 Nc5 14. f3 Ne6 15.
Na4 Nxd4 16. Bxd4 Nd7 1/2-1/2

[Event "Copenhagen Ch"]
[Site "Copenhagen"]
[Date "2003.02.13"]
[Round "8"]
[White "Lund, Silas"]
[Black "Skjoldan, Benjamin"]
[Result "1-0"]
[WhiteElo "2306"]
[BlackElo "2091"]
[PlyCount "53"]
[EventDate "2003.02.07"]
[EventType "swiss"]
[EventRounds "9"]
[EventCountry "DEN"]

1. d4 Nf6 2. c4 g6 3. Nc3 Bg7 4. e4 d6 5. Be2 Nbd7 6. Bg5 e5 7. d5 O-O 8. Qd2
Nc5 9. f3 a5 10. h4 h5 11. O-O-O Bd7 12. Nh3 Qe8 13. Rdg1 Nh7 14. Be3 f5 15.
exf5 gxf5 16. g4 hxg4 17. fxg4 f4 18. Bxc5 dxc5 19. Ne4 c6 20. Bf3 cxd5 21.
cxd5 b5 22. h5 Nf6 23. Nhg5 c4 24. h6 Bh8 25. h7+ Kg7 26. Nd6 Qb8 27. Qh2 1-0

[Event "Copenhagen Ch"]
[Site "Copenhagen"]
[Date "2003.02.11"]
[Round "6"]
[White "Lund, Silas"]
[Black "Schidt, Niels Christian"]
[Result "1-0"]
[WhiteElo "2306"]
[BlackElo "2054"]
[PlyCount "79"]
[EventDate "2003.02.07"]
[EventType "swiss"]
[EventRounds "9"]
[EventCountry "DEN"]

1. d4 Nf6 2. c4 e6 3. g3 d5 4. Nf3 c6 5. Qc2 Nbd7 6. Bg2 Bb4+ 7. Nbd2 O-O 8.
O-O Qe7 9. e4 dxe4 10. Nxe4 e5 11. a3 Nxe4 12. axb4 exd4 13. Nxd4 Ndf6 14. Bf4
Rd8 15. Rad1 c5 16. bxc5 Nxc5 17. Rfe1 Be6 18. b4 Na6 19. b5 Nc5 20. Qe2 Qf8
21. Nxe6 fxe6 22. Bc7 Rd7 23. Rxd7 Nfxd7 24. Rd1 Rc8 25. Bd6 Qf5 26. Bf3 a6 27.
Be7 Kf7 28. Bd6 Qf6 29. Bxc5 Nxc5 30. Bxb7 Nxb7 31. Rd7+ Kg8 32. Rxb7 axb5 33.
Rxb5 Qa1+ 34. Kg2 Qa8+ 35. Kh3 Qc6 36. c5 g6 37. Qe5 Kf7 38. Rb6 Qxc5 39. Rb7+
Ke8 40. Qxe6+ 1-0

[Event "Copenhagen Ch"]
[Site "Copenhagen"]
[Date "2003.02.14"]
[Round "9"]
[White "Moller, Arne"]
[Black "Schidt, Niels Christian"]
[Result "0-1"]
[WhiteElo "2018"]
[BlackElo "2054"]
[PlyCount "72"]
[EventDate "2003.02.07"]
[EventType "swiss"]
[EventRounds "9"]
[EventCountry "DEN"]

1. e4 g6 2. d4 Bg7 3. Be3 c6 4. c4 d6 5. Nc3 Nf6 6. f3 Nbd7 7. Qd2 a6 8. Rc1 h5
9. Bd3 e5 10. Nge2 h4 11. Bg5 h3 12. g4 exd4 13. Nxd4 Ne5 14. O-O Qb6 15. Be2
Be6 16. Na4 Qc7 17. Kh1 Bd7 18. Nc3 O-O-O 19. b4 Be6 20. Na4 c5 21. Nb3 Rde8
22. bxc5 dxc5 23. Naxc5 Qc6 24. Qf4 Nh7 25. Qe3 Nxg5 26. Qxg5 f5 27. Nxe6 Qxe6
28. gxf5 Qc6 29. Qe3 Bh6 30. f4 gxf5 31. Nd4 Qg6 32. Rg1 Ng4 33. Bxg4 fxg4 34.
e5 Rhf8 35. Rgf1 Rd8 36. Rb1 Bxf4 0-1

[Event "Copenhagen Ch"]
[Site "Copenhagen"]
[Date "2003.02.12"]
[Round "7"]
[White "Moller, Arne"]
[Black "Drger, Michael"]
[Result "1-0"]
[WhiteElo "2018"]
[BlackElo "1568"]
[PlyCount "73"]
[EventDate "2003.02.07"]
[EventType "swiss"]
[EventRounds "9"]
[EventCountry "DEN"]

1. e4 c5 2. Nf3 d6 3. d4 cxd4 4. Nxd4 Nf6 5. Nc3 a6 6. Be2 e5 7. Nb3 Be7 8. O-O
O-O 9. Be3 Be6 10. f4 exf4 11. Rxf4 Bxb3 12. axb3 Nbd7 13. Ra4 Ne5 14. Rd4 b5
15. Rd2 Nfd7 16. Rf1 Rc8 17. Nd5 Re8 18. c3 Bg5 19. Bxg5 Qxg5 20. Rf5 Qh4 21.
Rf4 Qh6 22. Bg4 Nxg4 23. Rxg4 Ne5 24. Rg3 Re6 25. Rf2 Qh4 26. Rf4 Qd8 27. Qf1
Kf8 28. Qf2 f6 29. Rh4 h6 30. Qf5 Qe8 31. Qh7 Qf7 32. Rxh6 Qa7+ 33. Kf1 Re7 34.
Qh8+ Kf7 35. Qxg7+ Ke6 36. Qxf6+ Kd7 37. Qxe7+ 1-0

[Event "Copenhagen Ch"]
[Site "Copenhagen"]
[Date "2003.02.09"]
[Round "3"]
[White "Moller, Arne"]
[Black "Hansen, Flemming Haupt"]
[Result "0-1"]
[WhiteElo "2018"]
[BlackElo "2150"]
[PlyCount "44"]
[EventDate "2003.02.07"]
[EventType "swiss"]
[EventRounds "9"]
[EventCountry "DEN"]

1. e4 d5 2. exd5 Qxd5 3. Nc3 Qa5 4. d3 Nf6 5. Be2 c6 6. Bd2 e5 7. Ne4 Qc7 8.
Nxf6+ gxf6 9. Bh5 Be6 10. Qe2 Nd7 11. Nf3 Rg8 12. g3 O-O-O 13. a3 Be7 14. O-O-O
Nb6 15. Kb1 Na4 16. Be3 Bxa3 17. c4 Bxb2 18. Qc2 Qa5 19. Bd2 Bc3 20. Rc1 Qb4+
21. Ka2 Rxd3 22. Rb1 Bxc4+ 0-1

[Event "Copenhagen Ch"]
[Site "Copenhagen"]
[Date "2003.02.10"]
[Round "5"]
[White "Moller, Arne"]
[Black "Nielsen, Michael"]
[Result "0-1"]
[WhiteElo "2018"]
[BlackElo "2101"]
[PlyCount "108"]
[EventDate "2003.02.07"]
[EventType "swiss"]
[EventRounds "9"]
[EventCountry "DEN"]

1. e4 c5 2. Nf3 d6 3. d4 cxd4 4. Nxd4 Nf6 5. Nc3 g6 6. Be2 Bg7 7. Be3 Nc6 8.
O-O O-O 9. Kh1 Bd7 10. f4 Qb6 11. e5 dxe5 12. fxe5 Nxe5 13. Nf5 Qxb2 14. Nxe7+
Kh8 15. Bd4 Ng8 16. Rb1 Qa3 17. Nxg8 Kxg8 18. Ne4 Rfd8 19. c3 Bf5 20. Qc2 Rac8
21. Bxe5 Bxe5 22. Rxf5 gxf5 23. Ng5 Qd6 24. Qxf5 Qg6 25. Nxf7 Qxf5 26. Nh6+ Kf8
27. Nxf5 Rxc3 28. Rf1 Rc6 29. Nd6+ Ke7 30. Nxb7 Rd2 31. Bf3 Rcc2 32. a4 Ra2 33.
Re1 Ra1 34. Rxa1 Bxa1 35. Kg1 Bd4+ 36. Kf1 Ra2 37. Bc6 Bb6 38. h4 h6 39. Ke1
Bf2+ 40. Kd1 Bxh4 41. Kc1 Bg5+ 42. Kb1 Rf2 43. Bf3 Kf6 44. Nc5 Kf5 45. Be4+ Kg4
46. Nd3 Rd2 47. Bf3+ Kg3 48. Ne1 Rf2 49. Nd3 Rxf3 50. gxf3 h5 51. Kc2 h4 52.
Kd1 Be3 53. Ke2 Bd4 54. f4 h3 0-1

[Event "Copenhagen Ch"]
[Site "Copenhagen"]
[Date "2003.02.07"]
[Round "1"]
[White "Moller, Arne"]
[Black "Brondum, Eric"]
[Result "1/2-1/2"]
[WhiteElo "2018"]
[BlackElo "2212"]
[PlyCount "71"]
[EventDate "2003.02.07"]
[EventType "swiss"]
[EventRounds "9"]
[EventCountry "DEN"]

1. e4 g6 2. d4 c6 3. Be3 d6 4. Qd2 Bg7 5. c4 Nf6 6. f3 e5 7. Nc3 O-O 8. Nge2
Nbd7 9. d5 cxd5 10. cxd5 a6 11. Ng3 b5 12. Rc1 Nb6 13. b3 Bd7 14. Bd3 Ne8 15.
Qf2 Rb8 16. O-O f5 17. exf5 gxf5 18. Nh5 Kh8 19. Nxg7 Nxg7 20. Bxb6 Rxb6 21. b4
Rb7 22. Ne2 Be8 23. Ng3 Bg6 24. Qc2 f4 25. Bxg6 fxg3 26. Be4 gxh2+ 27. Kh1 Nh5
28. Qf2 Rg7 29. Kxh2 Ng3 30. Qxg3 Rxg3 31. Kxg3 Qg5+ 32. Kh2 Qh6+ 33. Kg1 Qe3+
34. Kh1 Rf6 35. Rc8+ Kg7 36. Rc7+ 1/2-1/2

[Event "Copenhagen Ch"]
[Site "Copenhagen"]
[Date "2003.02.14"]
[Round "9"]
[White "Moller, Frederik Oest"]
[Black "Zachariassen, John"]
[Result "1/2-1/2"]
[WhiteElo "1593"]
[BlackElo "1856"]
[PlyCount "30"]
[EventDate "2003.02.07"]
[EventType "swiss"]
[EventRounds "9"]
[EventCountry "DEN"]

1. e4 e5 2. Nf3 d6 3. Nc3 Be7 4. Bc4 Nf6 5. d4 Nc6 6. dxe5 dxe5 7. Qxd8+ Bxd8
8. Bg5 h6 9. Bh4 Bg4 10. Bg3 Bxf3 11. gxf3 Nd4 12. O-O-O Nd7 13. f4 exf4 14.
Rxd4 fxg3 15. hxg3 Bf6 1/2-1/2

[Event "Copenhagen Ch"]
[Site "Copenhagen"]
[Date "2003.02.12"]
[Round "7"]
[White "Moller, Frederik Oest"]
[Black "Rasmussen, Christian Ejnar"]
[Result "1-0"]
[WhiteElo "1593"]
[BlackElo "1635"]
[PlyCount "114"]
[EventDate "2003.02.07"]
[EventType "swiss"]
[EventRounds "9"]
[EventCountry "DEN"]

1. e4 c6 2. d4 d5 3. exd5 cxd5 4. c4 dxc4 5. Bxc4 Nf6 6. Nc3 Nc6 7. Nf3 g6 8.
h3 Bg7 9. O-O Na5 10. Bd3 O-O 11. Be3 Be6 12. Rc1 a6 13. Qd2 Bc4 14. b3 Bxd3
15. Qxd3 Nc6 16. Qd2 Re8 17. Rfd1 Rc8 18. Bh6 e6 19. Bxg7 Kxg7 20. Ng5 Qa5 21.
Qf4 Qf5 22. Qxf5 gxf5 23. Nf3 Red8 24. Kf1 Nd5 25. Nxd5 Rxd5 26. Rc5 Rxc5 27.
dxc5 Nb4 28. a3 Nc2 29. Rd7 Rxc5 30. Ng5 Kg6 31. Nxf7 Rb5 32. Nd8 Rxb3 33. Nxe6
Nxa3 34. Nf8+ Kf6 35. Nxh7+ Ke5 36. Nf8 Nc4 37. Rc7 Nd2+ 38. Ke1 Ne4 39. h4
Rb1+ 40. Ke2 Rb2+ 41. Ke3 f4+ 42. Kf3 Rxf2+ 43. Kg4 Rxg2+ 44. Kh5 Nf6+ 45. Kh6
f3 46. Ng6+ Kd6 47. Rc1 f2 48. Rf1 Rg1 49. h5 Rxf1 50. Nh8 Rh1 51. Nf7+ Ke7 52.
Nh8 Rxh5+ 53. Kg7 Rh7+ 54. Kg6 Rxh8 55. Kg5 f1=R 56. Kg6 Rg8+ 57. Kh6 Rh1# 1-0

[Event "Copenhagen Ch"]
[Site "Copenhagen"]
[Date "2003.02.10"]
[Round "5"]
[White "Moller, Frederik Oest"]
[Black "Drger, Michael"]
[Result "1-0"]
[WhiteElo "1593"]
[BlackElo "1568"]
[PlyCount "79"]
[EventDate "2003.02.07"]
[EventType "swiss"]
[EventRounds "9"]
[EventCountry "DEN"]

1. e4 c5 2. Nf3 d6 3. d4 cxd4 4. Nxd4 Nf6 5. Nc3 a6 6. f3 e5 7. Nb3 Be6 8. Be3
Nbd7 9. Be2 Be7 10. O-O O-O 11. Qd2 Rc8 12. Rac1 Nc5 13. Rfd1 Qc7 14. Qe1 Rfe8
15. Qf2 Nxb3 16. cxb3 Qd8 17. h3 Nh5 18. g3 Bxh3 19. g4 Bh4 20. Qh2 Rxc3 21.
Rxc3 Ng3 22. Bd3 Bxg4 23. fxg4 d5 24. Bc4 d4 25. Bf2 Nxe4 26. Bxh4 Qb6 27. Bf2
Qf6 28. Rcd3 Ng5 29. Qg3 h6 30. Re1 b5 31. Bd5 Kh8 32. Bxd4 exd4 33. Rxe8+ Kh7
34. Qf2 Qxf2+ 35. Kxf2 Kg6 36. Be4+ Kf6 37. Rxd4 Ne6 38. Rxe6+ fxe6 39. Kf3 Ke5
40. Ke3 1-0

[Event "Copenhagen Ch"]
[Site "Copenhagen"]
[Date "2003.02.09"]
[Round "3"]
[White "Moller, Frederik Oest"]
[Black "Sandbech, Ted"]
[Result "1-0"]
[WhiteElo "1593"]
[BlackElo "1519"]
[PlyCount "59"]
[EventDate "2003.02.07"]
[EventType "swiss"]
[EventRounds "9"]
[EventCountry "DEN"]

1. e4 d5 2. exd5 Qxd5 3. Nc3 Qa5 4. d4 c6 5. Bc4 Nf6 6. Bd2 Qc7 7. Nf3 Bf5 8.
O-O e6 9. Bb3 Bd6 10. Ne2 Bg4 11. Ng3 Nh5 12. Qe2 Nd7 13. c4 O-O 14. Bc2 Ndf6
15. Qd3 Nxg3 16. hxg3 Bf5 17. Qc3 Ne4 18. Bxe4 Bxe4 19. Qe3 Bg6 20. Nh4 Rae8
21. Rae1 c5 22. Bc3 cxd4 23. Qxd4 e5 24. Qd5 Bc2 25. b3 e4 26. Bxg7 Kxg7 27.
Qg5+ Kh8 28. Qf6+ Kg8 29. Nf5 Be5 30. Nh6# 1-0